NFL Top 100 Players of 2020 - Statistics

General Stats
  • This quiz has been taken 147 times
  • The average score is 76 of 100
Answer Stats
Rank Team Position Answer % Correct
1. Ravens QB Lamar Jackson
100%
2. Seahawks QB Russell Wilson
98%
3. Rams DT Aaron Donald
97%
4. Chiefs QB Patrick Mahomes
97%
7. 49ers TE George Kittle
95%
14. Patriots QB Tom Brady
95%
12. Saints QB Drew Brees
94%
33. Packers RB Aaron Jones
93%
16. Packers QB Aaron Rodgers
93%
75. Ravens S Earl Thomas
93%
94. Eagles C Jason Kelce
93%
5. Saints WR Michael Thomas
93%
18. Chiefs TE Travis Kelce
93%
52. Chiefs DT Chris Jones
92%
10. Titans RB Derrick Henry
92%
15. Cardinals LB Chandler Jones
91%
11. Falcons WR Julio Jones
91%
8. Texans WR DeAndre Hopkins
90%
20. Texans QB Deshaun Watson
90%
34. Chargers DE Joey Bosa
90%
30. Buccaneers WR Mike Evans
90%
17. 49ers DE Nick Bosa
90%
25. Steelers LB T.J. Watt
90%
13. Seahawks LB Bobby Wagner
89%
6. Panthers RB Christian McCaffrey
89%
64. Vikings S Harrison Smith
89%
45. Texans DE J.J. Watt
89%
22. Chiefs WR Tyreek Hill
89%
46. Cowboys QB Dak Prescott
88%
57. Packers WR Davante Adams
88%
27. Jets S Jamal Adams
88%
88. Cowboys LB Jaylon Smith
88%
36. Browns RB Nick Chubb
88%
63. Packers LB Preston Smith
88%
31. Giants RB Saquon Barkley
88%
78. Cowboys OT Tyron Smith
88%
48. Packers LB Za'Darius Smith
88%
38. Buccaneers WR Chris Godwin
87%
24. Cowboys RB Ezekiel Elliott
87%
35. Steelers S Minkah Fitzpatrick
86%
42. Saints RB Alvin Kamara
85%
21. Vikings RB Dalvin Cook
85%
87. Bills QB Josh Allen
84%
77. Chargers WR Keenan Allen
84%
19. Bears LB Khalil Mack
84%
23. Saints DE Cameron Jordan
83%
58. Vikings QB Kirk Cousins
83%
9. Patriots CB Stephon Gilmore
83%
47. Bills CB Tre'Davious White
83%
37. Rams CB Jalen Ramsey
81%
43. 49ers QB Jimmy Garoppolo
81%
49. Cowboys WR Amari Cooper
80%
29. Colts OG Quenton Nelson
80%
90. Cardinals QB Kyler Murray
79%
65. Seahawks WR Tyler Lockett
79%
26. Broncos LB Von Miller
79%
89. Rams WR Cooper Kupp
78%
70. 49ers LB Fred Warner
78%
81. Seahawks WR DK Metcalf
77%
72. Raiders RB Josh Jacobs
75%
28. 49ers CB Richard Sherman
75%
54. Vikings WR Stefon Diggs
75%
51. Rams RB Todd Gurley
74%
100. Buccaneers LB Lavonte David
73%
59. Browns WR Odell Beckham Jr.
73%
68. Titans QB Ryan Tannehill
73%
55. Cowboys OG Zack Martin
73%
97. Cardinals S Budda Baker
71%
80. Browns DE Myles Garrett
71%
40. Vikings DE Danielle Hunter
70%
39. Chiefs S Tyrann Mathieu
70%
84. Steelers DT Cameron Heyward
69%
85. Eagles TE Zach Ertz
68%
99. Raiders TE Darren Waller
67%
73. Eagles DT Fletcher Cox
67%
86. Ravens CB Marlon Humphrey
67%
67. Saints LB Demario Davis
66%
76. Saints CB Marshon Lattimore
66%
61. Browns WR Jarvis Landry
64%
66. Texans OT Laremy Tunsil
63%
69. Cardinals WR Larry Fitzgerald
63%
44. Ravens RB Mark Ingram
62%
92. Lions CB Darius Slay
58%
50. Colts LB Shaquille Leonard
58%
53. Ravens CB Marcus Peters
56%
32. Buccaneers LB Shaquil Barrett
55%
56. 49ers DT DeForest Buckner
53%
62. Packers OT David Bakhtiari
52%
91. Falcons DT Grady Jarrett
51%
79. Jaguars DE Calais Campbell
50%
96. Seahawks RB Chris Carson
49%
93. Bears WR Allen Robinson
47%
95. Chiefs DE Frank Clark
41%
74. Ravens OT Ronnie Stanley
41%
83. Vikings LB Eric Kendricks
40%
82. Saints OT Ryan Ramczyk
37%
98. Eagles OG Brandon Brooks
31%
41. Seahawks DE Jadeveon Clowney
31%
60. Titans CB Logan Ryan
28%
71. Titans DT Jurrell Casey
25%
No matching quizzes found
Score Distribution
Percent of People with Each Score
Percentile by Number Answered
Your Score History
You have not taken this quiz